| 000 | 00922nmm a2200313 a 4500 | ||
|---|---|---|---|
| 003 | AR-BaBNM | ||
| 005 | 20251128203408.0 | ||
| 008 | 167019s1930 ||||||||||||||000 | spa|| | ||
| 040 | _cAR-BaBNM | ||
| 100 | 1 | _aGonzález Calderón, Juan A. | |
| 245 | 1 | 0 | _aHistoria de la organización constitucional |
| 260 |
_aBuenos Aires _bLajouane _c1930 |
||
| 300 | 0 | _a320 p. | |
| 500 | 0 | _aApéndices para consultar p. 295-317. | |
| 650 | 4 | _aHISTORIA POLITICA ARGENTINA | |
| 650 | 4 | _aHISTORIA INSTITUCIONAL | |
| 650 | 4 | _aCAUDILLOS ARGENTINOS | |
| 650 | 4 | _aHISTORIA CONSTITUCIONAL | |
| 650 | 4 | _aFEDERALISMO ARGENTINO | |
| 650 | 4 | _aHISTORIA DEL DERECHO ARGENTINO | |
| 650 | 4 | _aPACTO FEDERAL | |
| 650 | 4 | _aORGANIZACION NACIONAL | |
| 650 | 4 | _aCONGRESO CONSTITUYENTE DE 1853 | |
| 650 | 4 | _aROSAS Y SU TIEMPO | |
| 650 | 4 | _aACUERDO DE SAN NICOLAS | |
| 653 | 0 | _aCONSTITUCION NACIONAL | |
| 942 | _cBK | ||
| 998 | _cmariana | ||
| 999 |
_c3183 _d3183 |
||